| 000 | 00547nam a2200181Ia 4500 | ||
|---|---|---|---|
| 005 | 20260429112231.0 | ||
| 008 | 260429s9999||||xx |||||||||||||| ||und|| | ||
| 020 | _a9788177142839 | ||
| 041 | _aHindi | ||
| 082 |
_a891.4 _bPRA |
||
| 100 | _aप्रसाद, जयशंकर | ||
| 245 | 0 |
_aअजातशत्रु / _cजयशंकर प्रसाद |
|
| 250 | _arev. | ||
| 260 |
_aनई दिल्ली : _bप्रकाशन संस्थान, _c2024. |
||
| 300 | _a96 p.; Hb | ||
| 650 | _aStories | ||
| 942 | _cTB | ||
| 999 |
_c53037 _d53037 |
||